Mass, momentum and energy transport phenomena : (Registro nro. 21741)

Detalles MARC
000 -Cabecera
Campo de control interno 00921nam a2200253Ia 4500
005 - Fecha y hora del registro
control field 20260407115236.0
008 - Elementos de Longitud Fija
fixed length control field 260320s9999||||xx |||||||||||||| ||und||
020 ## - ISBN
ISBN 9783111246239
041 ## - Idioma
Codigo Idioma Inglés
082 ## - DEWEY y NOTACIÓN INTERNA
Dewey 530.138
Notación Interna A144
100 ## - AUTOR
Autor denominación Akker, Harry van den,
Término de relación autor
245 #0 - TÍTULO DE MATERIAL BIBLIOGRÁFICO
Título Mass, momentum and energy transport phenomena :
Título paralelo a consistent balances approach
250 ## - EDICIÓN
Edición Second edition
260 ## - CIUDAD, EDITORIAL, AÑO
Ciudad Berlin/Boston :
Nombre de la Editorial Walter de Gruyter GmbH,
Año 2013
300 ## - DESCRIPCIÓN
N° Páginas xii, 298 páginas :
Otros detalles tablas, gráficos ;
Dimensiones 25 cm.
440 ## - MENCIÓN DE SERIE
Título de la Serie (De Gruyter Textbook Series)
650 ## - TEMAS
Temas Matemáticas
653 ## - DESCRIPTORES
Lenguajes no controlado Mecánica estadística; Transporte de masa; Transferencia de calor; Mecánica de fluidos
654 ## - PROGRAMAS
Programa Dpto. de Ingeniería Industrial
700 ## - OTROS AUTORES
Otros autores Mudde, Robert F.,
Títulos y otras palabras asociadas con el nombre autor
856 ## - URL - UBICACIÓN
URI/URL: Enlace exacto del recurso <a href="https://ebooks7-24-com.ucsp.lookproxy.com/stage.aspx?il=&pg=&ed=">https://ebooks7-24-com.ucsp.lookproxy.com/stage.aspx?il=&pg=&ed=</a>
Nota pública: Versión digital <a href="Véase además: Base de datos Ebook7-24">Véase además: Base de datos Ebook7-24</a>
942 ## - ELEMENTOS DE KOHA
Tipo de documento Libro
Nombre del creador Justo Noguera
Código de catalogador Margarita Torres
Esquema de clasificación Dewey Decimal Classification
Existencias
Codigo completo Registro Colección Copia número Disponibilidad Tipo de préstamo Biblioteca Actual Procedencia (Biblioteca) Ubicacón Fecha Ingreso Tipo de Adquisición Date last seen Total checkouts Price effective from Tipo de Item Estado del Material Fuente de Clasificación Damaged status Withdrawn status
530.138 A144 1085294 Universidad Católica San Pablo 1 Disponible Disponible Víctor Andrés Belaunde Víctor Andrés Belaunde Planta baja abierta 07/04/2026 Compra 07/04/2026   07/04/2026 Libro Bueno Dewey Decimal Classification